000 01424nam a22002417i 4500
003 DO-SdBNP
005 20230615104449.0
007 ta
008 230601b2003 sp ||||| |||| 00| 0 spa d
040 _aDO-SdBNP
_bspa
_cBNPHU
_erda
082 4 _a303.38
_bV483p
_222
245 1 3 _aPolíticas Públicas de Estímulo al Control Social de a Gestión Pública :
_bdimensiones conceptuales /
_cLuis Verdesoto
264 4 _aSanto Domingo :
_bINTEC,
_c2003.
300 _a111 páginas ;
_c29 cm.
336 _2rdacontent
_atexto
_btxt
337 _2rdamedia
_asin mediación
_bn
338 _2rdacarrier
_avolumen
_bnc
490 _asociedad civil ; Serie capacitación ;
_x1
505 _aElementos a tener en cuenta en la capacitación de adultas/os vii -- Presentación ix -- Nota preliminar xiii -- Los módulos pedagógicos xix -- Introducción 1 -- antecedentes: estructuración de la propuesta pedagógica sobre el tema del control social de la gestión pública 5 -- La problemática: participación y responsabilidad 14 -- Reconformación y refuncionalización del estado: diagnóstico de partida y propuestas de cambio 28 -- La reconformación de lo público 40 -- Algunos temas pertinentes a República Dominicana 48 -- La contraloría social 66 -- Las condiciones del control social 76 -- Anexos 96 -- Taller de capacitación 96 -- Bibliografía 110
590 _aInventariado, 2023/DG
910 _aDG
942 _2ddc
_cLBS1
999 _c53834
_d53834